|
|
|
|
| LEADER |
00998cam a2200241 7i4500 |
| 001 |
0000060930 |
| 005 |
20210910090000.0 |
| 020 |
|
|
|a 9783319650821 (electronic book)
|
| 090 |
0 |
0 |
|a HD9696.2
|b .E63 2017
|
| 245 |
0 |
0 |
|a Engineering and management of data centers :
|b an IT
service management approach
|c Jorge Marx Gomez [and four others], editors.
|
| 264 |
|
|
|a Cham:
|b Springer,
|c 2017.
|
| 300 |
|
|
|a 1 online resource (290 pages):
|b text file, PDF.
|
| 336 |
|
|
|a text
|2 rdacontent
|
| 337 |
|
|
|a computer
|2 rdamedia
|
| 338 |
|
|
|a online resource
|2 rdacarrier 0
|
| 490 |
|
|
|a Service science : research and innovations in the service economy
|
| 650 |
0 |
|
|a Data processing service centers --
|x Management
|
| 655 |
0 |
|
|a Electronic books 1
|
| 700 |
|
|
|a Gomez, Jorge Marx 4
|
| 856 |
2 |
|
|u http://library.unisel.edu.my/web/guest/mylibrary
|
| 997 |
|
|
|a Engineering & Life Sciences, Faculty
|b Engineering, Department
|
| 998 |
|
|
|a Mechanical Engineering, Degree
|
| 999 |
|
|
|a EBO0007000
|b EBOOK
|c EBOOK
|e Electronic resources
|